| 000 | 01049nam a2200241Ia 4500 | ||
|---|---|---|---|
| 003 | GCL | ||
| 005 | 20240530102843.0 | ||
| 008 | 140319s9999 xx 000 0 ara d | ||
| 020 | _a1770300284 | ||
| 040 |
_aGCL / _cGCL |
||
| 082 | 0 | 4 |
_a581.11 _bا ا |
| 100 | 1 | _aالسيد عزت قنديل | |
| 245 | 1 | 0 |
_aاساسيات تصنيف الاشجار وتصريف الاخشاب / _cالسيد عزت قنديل ؛عبدالوهاب بدرالدين السيد ؛ سمير فؤاد على توفيق ؛ ابراهيم عبده خيرالله ؛| حسين ابراهيم على |
| 260 |
_aالقاهرة : _bمنشاة المعارف ، _c1991 |
||
| 300 |
_a631 ص ؛ _c24 سم |
||
| 650 | 0 | 4 | _aالنبات |
| 650 | 0 | 4 | _aالاشجار |
| 700 | 1 |
_aعبدالوهاب بدرالدين السيد _eمؤلف مشارك |
|
| 700 | 1 |
_aابراهيم عبده خيرالله _eمؤلف مشارك |
|
| 700 | 1 |
_aحسين ابراهيم على _eمؤلف مشارك |
|
| 700 | 1 |
_aسمير على توفيق _eمؤلف مشارك |
|
| 942 |
_2ddc _cBK |
||
| 999 |
_c34934 _d34934 |
||